Statistics for Countries Of Yugoslavia In Size Order

Click here to take the quiz!

General Stats

  • This quiz has been taken 29 times
  • The average score is 7 of 7

Answer Stats

Sq KmAnswer% Correct
88,361Serbia
100%
56,594Croatia
100%
51,129Bosnia and Herzegovina
100%
25,713Macedonia
96%
20,273Slovenia
96%
10,908Kosovo
89%
13,812Montenegro
86%

Score Distribution

Percentile by Number Answered

Percent of People with Each Score

Your Score History

You have not taken this quiz